Statistics for Every Country in their Official Language (with exceptions)

Click here to take the quiz!

General Stats

  • This quiz has been taken 15 times
  • The average score is 42 of 143

Answer Stats

CountryLanguage(s)Answer% Correct
GermanyGermanDeutschland
92%
AustriaGermanÖsterreich
92%
BelgiumDutchBelgië
83%
SpainSpanishEspaña
83%
ItalyItalianItalia
75%
NetherlandsDutchNederland
75%
NorwayNorwegianNorge
75%
PolandPolishPolska
75%
SwitzerlandGermanSchweiz
75%
FinlandFinnishSuomi
75%
JapanJapanese日本
67%
GreeceGreekΕλλάδα
67%
BelgiumGermanBelgien
67%
BelgiumFrenchBelgique
67%
BrazilPortugueseBrasil
67%
IrelandIrishÉire
67%
CroatiaCroatianHrvatska
67%
IcelandIcelandicÍsland
67%
SwedenSwedishSverige
67%
LaosLaotianປະເທດລາວ
58%
IraqArabicالْعِرَاق‎
58%
CyprusGreekΚύπρος
58%
DenmarkDanishDanmark
58%
GuineaFrenchGuinée
58%
Democratic Republic of the CongoFrenchRépublique démocratique du Congo
58%
SwitzerlandFrenchSuisse
58%
ChadFrenchTchad
58%
RussiaRussianРоссия
50%
SingaporeTamilசிங்கப்பூர்
50%
EgyptArabicمصر
50%
BahrainArabicالبحرين
50%
CameroonFrenchCameroun
50%
LuxembourgLuxembourgishLëtzebuerg
50%
SwitzerlandItalianSvizzera
50%
TurkeyTurkishTürkiye
50%
VietnamVietnameseViệt Nam
50%
SudanArabicالسودان
42%
GeorgiaGeorgianსაქართველო
42%
IndiaHindiभारत
42%
AlgeriaFrenchAlgérie
42%
Czech RepublicCzechČeská republika
42%
Vatican CityItalianCittà del Vaticano
42%
ComorosFrenchComores
42%
EstoniaEstonianEesti
42%
MauritiusFrenchMaurice
42%
Dominican RepublicSpanishRepública Dominicana
42%
Central African RepublicFrenchRépublique centrafricaine
42%
AlbaniaAlbanianShqipëria
42%
SlovakiaSlovakSlovensko
42%
ArmeniaArmenianՀայաստան
33%
MontenegroMontenegrinЦрна Гора
33%
CambodiaKhmerកម្ពុជា
33%
Guinea-BissauPortugueseGuiné-Bissau
33%
KosovoAlbanianKosova
33%
LithuaniaLithuanianLietuva
33%
HungaryHungarianMagyarország
33%
MozambiquePortugueseMoçambique
33%
SloveniaSloveneSlovenija
33%
OmanArabicعُمان
25%
MoroccoArabicالمغرب
25%
UkrainianUkrainianУкраїна
25%
Bosnia and HerzegovinaBosnianБосна и Херцеговина
25%
SerbiaSerbianСрбија
25%
JordanArabicالأردن‎
25%
ThailandThaiประเทศไทย
25%
ChinaMandarin中國
25%
MyanmarBurmeseမြန်မာ
25%
AfghanistanDari | Pashtoافغانستان
25%
New ZealandMāoriAotearoa
25%
HaitiHaitian CreoleAyiti
25%
Equatorial GuineaFrenchGuinée Équatoriale
25%
Equatorial GuineaPortugueseGuiné Equatorial
25%
LatviaLatvianLatvija
25%
MauritiusMorisyenMoris
25%
South AfricaAfrikaansSuid-Afrika
25%
North MacedoniaMacedonianСеверна Македонија
17%
TajikistanTajikТоҷикистон
17%
UzbekistanUzbekЎзбекистон
17%
YemenArabicاليمن
17%
LibyaArabicليبيا
17%
AlgeriaArabicالجزائر
17%
DjiboutiArabicجيبوتي
17%
ChadArabicتشاد
17%
MongoliaMongolianМонгол Улс
17%
LebanonArabicلبنان
17%
IsraelHebrewיִשְׂרָאֵל‎
17%
AzerbaijanAzerbaijaniAzərbaycan
17%
PalauPalauanBelau
17%
MongoliaMongolianᠮᠤᠩᠭᠤᠯ
ᠤᠯᠤᠰ
17%
ComorosComorianKomori
17%
NauruNauruanNaoero
17%
NorwaySamiNorga
17%
Papua New GuineaHiri MotuPapua Niu gini
17%
Papua New GuineaTok PisinPapua Niugini
17%
ParaguayGuaraníParaguái
17%
PhilippinesFilipinoPilipinas
17%
SingaporeMalaySingapura
17%
SomaliaSomaliSoomaaliya
17%
FijiFijianViti
17%
MauritaniaArabicموريتانيا
8%
South KoreaKorean한국
8%
EritreaTigrinyaኤርትራ
8%
MaldivesDhivehiދިވެހިރާއްޖެ
8%
SyriaArabicسورية
8%
SomaliaArabicالصومال
8%
EthiopiaAmharicኢትዮጵያ
8%
TunisiaArabicتونس
8%
Saudi ArabiaArabicالمملكة العربية السعودية
8%
BulgariaBulgarianБългария
8%
North KoreaKorean조선
8%
BelarusBelarusianБеларусь
8%
BhutanDzongkhaའབྲུག་ཡུལ་
8%
KuwaitArabicالكويت‎
8%
KazakhstanKazakhҚазақстан
8%
Equatorial GuineaSpanishGuinea Ecuatorial
8%
CyprusTurkishKıbrıs
8%
Central African RepublicSangoKödörösêse tî Bêafrîka
8%
MadagascarMalagasyMadagasikara
8%
NorwaySamiNöörje
8%
PeruAymara | QuechuaPiruw
8%
SeychellesSeychelloisSesel
8%
TaiwanStandard
Chinese
中華民國
0%
United Arab emiratesArabicالإمارات العربيّة المتّحدة
0%
SingaporeMandarin新加坡
0%
MoroccoBerberⴰⵎⵔⵔⵓⴽ
0%
IraqKurdishعێراق‎
0%
KyrgyzstanRussianКиргизия
0%
Marshall IslandsMarshalleseAorōkin Ṃajeḷ
0%
BoliviaQuechuaBuliwya
0%
ComorosArabic
جزر القمر
0%
South AfricaisiZuluiNingizimu Afrika
0%
EthiopiaOromoItiyoophiyaa
0%
EthiopiaSomaliItoobiya
0%
ZimbabweChichewala Zimbabwe
0%
ZimbabweisiNdebeleleZimbabwe
0%
North MacedoniaAlbanianMaqedonia e Veriut
0%
NorwayNorwegianNoreg
0%
South AfricaisiXhosauMzantsi Afrika
0%
NorwaySamiVuodna
0%
BoliviaAymaraWuliwya
0%
ZimbabweShonayeZimbabwe
0%

Score Distribution

Percentile by Number Answered

Percent of People with Each Score

Your Score History

You have not taken this quiz